Ingó faldíszítmények a szoba teteje /
Elmentve itt :
| Szerző: | |
|---|---|
| Dokumentumtípus: | Cikk |
| Megjelent: |
1882
|
| Sorozat: | Kolligátum
|
| Kulcsszavak: | Lakáskultúra, Lakberendezés |
| Online Access: | http://misc.bibl.u-szeged.hu/24596 |
| LEADER | 00584nab a2200169 i 4500 | ||
|---|---|---|---|
| 001 | misc24596 | ||
| 005 | 20191111110703.0 | ||
| 008 | 170901s1882 hu o 0|| zxx d | ||
| 040 | |a SZTE Miscellanea Repozitórium |b hun | ||
| 041 | |a zxx | ||
| 100 | 2 | |a Kuliffay Edéné Beniczky Irma | |
| 245 | 1 | 0 | |a Ingó faldíszítmények |h [elektronikus dokumentum] : |b a szoba teteje / |c Kuliffay Edéné Beniczky Irma |
| 260 | |c 1882 | ||
| 300 | |a 32-41 | ||
| 490 | 0 | |a Kolligátum | |
| 695 | |a Lakáskultúra, Lakberendezés | ||
| 856 | 4 | 0 | |u http://misc.bibl.u-szeged.hu/24596/1/011_022_032-041.pdf |z Dokumentum-elérés |